[Event "Buenos Aires Sicilian"]
[Site "Buenos Aires"]
[Date "1994.??.??"]
[Round "3"]
[White "Karpov, Anatoly"]
[Black "Ljubojevic, Ljubomir"]
[Result "1-0"]
[WhiteElo "2780"]
[BlackElo "2580"]

1.e4 c5 2.Nf3 d6 3.d4 cxd4 4.Nxd4 Nf6 5.Nc3 a6 6.Be2 e6 7.O-O Be7 8.f4 Qc7
9.Kh1 O-O 10.Qe1 Nc6 11.Be3 Bd7 12.Qg3 Kh8 13.Bf3 Rac8 14.Rad1 b5 15.a3 Nxd4
16.Bxd4 Bc6 17.Rd3 Qb7 18.b4 Rg8 19.e5 Ne4 20.Nxe4 Bxe4 21.c3 Bxf3 22.Rdxf3 Qe4
23.Re3 Qd5 24.Qh3 Rc4 25.f5 Bg5 26.Rg3 Bh6 27.fxe6 fxe6 28.exd6 Qxd6 29.Qh5 Rxd4
30.cxd4 Qxd4 31.Rgf3 Qd6 32.Rf7 Be3 33.Qf3 Bd4 34.Rf8 Bf6 35.Rxg8+ Kxg8 36.Rd1 Qb6
37.Qa8+ Kf7 38.Rd7+ Kg6 39.Qe4+ Kh6 40.Rd3 Qf2 41.Rh3+ Kg5 42.Rg3+ Kh6 43.Rh3+ Kg5
44.Rf3 Qd2 45.h4+ Kh6 46.Qxe6  1-0

[Event "Buenos Aires Sicilian"]
[Site "Buenos Aires"]
[Date "1994.??.??"]
[Round "5"]
[White "Shirov, Alexei"]
[Black "Ljubojevic, Ljubomir"]
[Result "1/2-1/2"]
[WhiteElo "2740"]
[BlackElo "2580"]

1.e4 c5 2.Nf3 Nc6 3.d4 cxd4 4.Nxd4 Nf6 5.Nc3 g6 6.Nxc6 dxc6 7.Qxd8+ Kxd8
8.Bc4 Ke8 9.e5 Nd7 10.e6 fxe6 11.Bxe6 Bg7 12.Be3 b6 13.O-O-O Bxc3 14.bxc3 Nc5
15.Bxc8 Rxc8 16.Bxc5 bxc5 17.Rhe1 Rf8 18.f3 Rf4 19.Re5 Ra4 20.Rde1 Rc7 21.Kb2 Rb7+
22.Ka1 Rc4 23.R1e3 Kf7 24.g4 Rf4 25.Rxc5 Rf6 26.Rce5 Rd6 27.Rd3 Re6 28.Rxe6 Kxe6
29.f4 h5 30.h3 hxg4 31.hxg4 Rb8 32.c4 Rb4 33.Rd4 Rb8 34.Re4+ Kd6 35.c5+ Kd7
36.Ra4 a5 37.Rxa5 Rb4 38.Ra7+ Ke8 39.f5 Rxg4 40.fxg6 Rxg6 41.Kb2 Rg5 42.c4 Rxc5
43.Kc3 Kd8 44.a4 Re5 45.Kd4 Rh5 46.a5 Kc8 47.a6 Ra5 48.c5 Kb8 49.Rb7+ Kc8
50.Rxe7 Rxa6 51.Ke5 Ra1 52.Kd6 Rh1  1/2-1/2

[Event "Buenos Aires Sicilian"]
[Site "Buenos Aires"]
[Date "1994.??.??"]
[Round "12"]
[White "Ljubojevic, Ljubomir"]
[Black "Shirov, Alexei"]
[Result "1-0"]
[WhiteElo "2580"]
[BlackElo "2740"]

1.e4 c5 2.Nf3 Nc6 3.d4 cxd4 4.Nxd4 Nf6 5.Nc3 d6 6.Bg5 e6 7.Qd2 a6 8.O-O-O h6
9.Be3 Qc7 10.f4 Bd7 11.Bd3 b5 12.h3 Na5 13.Kb1 Nc4 14.Bxc4 Qxc4 15.Qd3 Rc8
16.a3 Be7 17.g4 b4 18.Qxc4 Rxc4 19.axb4 Rxb4 20.Rd3 Nh7 21.Rhd1 O-O 22.e5 dxe5
23.fxe5 Rfb8 24.Nb3 Bc6 25.Bc5 Rxb3 26.Bxe7 Rxb2+ 27.Kc1 R2b7 28.Rd8+ Be8
29.Ba3 Ng5 30.R1d7 Rxd7 31.Rxb8 Nxh3 32.Rxe8+ Kh7 33.Bd6 Nf2 34.Na4 Rb7 35.Nc5 Rb5
36.Nd7 Kg6 37.c4 Rb3 38.Kc2 Rf3 39.c5 Nxg4 40.c6 Ne3+ 41.Kd2 Nd5 42.Nb6 Nxb6
43.c7 Rf2+ 44.Ke1 Rc2 45.Rb8 Nd5 46.c8=Q Rxc8 47.Rxc8 Ne3 48.Ra8 h5 49.Rxa6 Ng4
50.Ra3 Kf5 51.Rf3+ Kg6 52.Ke2 Nh2 53.Rf4 Ng4 54.Kd3 Nh6 55.Rf1 Kg5 56.Be7+ Kg6
57.Ke4 Ng4 58.Kf4 Nh2 59.Re1 Ng4 60.Re2 Nh6 61.Bd8 Ng4 62.Bg5 Kh7 63.Ke4 Kg6
64.Bf4 Kh7 65.Rg2 Kg6 66.Rg1 Kh7 67.Kf3 Kg6 68.Rh1 f6 69.exf6 gxf6 70.Kg3 e5
71.Bd2 f5 72.Kf3 f4 73.Ba5 Kg5 74.Bd8+ Kg6 75.Rh3 Nh6 76.Ke4 Nf7 77.Be7 Ng5+
78.Bxg5 Kxg5 79.Rh1  1-0

[Event "Buenos Aires Sicilian"]
[Site "Buenos Aires"]
[Date "1994.??.??"]
[Round "13"]
[White "Karpov, Anatoly"]
[Black "Shirov, Alexei"]
[Result "1/2-1/2"]
[WhiteElo "2780"]
[BlackElo "2740"]

1.e4 c5 2.Nf3 Nc6 3.d4 cxd4 4.Nxd4 Nf6 5.Nc3 d6 6.Bg5 e6 7.Qd2 a6 8.O-O-O h6
9.Bf4 Bd7 10.Nxc6 Bxc6 11.Qe1 Be7 12.e5 Nh5 13.Be3 Qc7 14.Be2 g6 15.Bxh5 gxh5
16.Bf4 O-O-O 17.f3 Bg5 18.Bxg5 hxg5 19.Qg3 dxe5 20.Rxd8+ Qxd8 21.Qxe5 Rg8
22.Ne4 Bxe4 23.Qxe4 Qd6 24.g3 Rd8 25.Qe3 Qd5 26.b3 Qd4 27.Qxd4 Rxd4 28.Rd1 Rxd1+
29.Kxd1 Kd7 30.Kd2 Kd6 31.c4 Kc5 32.Kc3 g4 33.f4 a5 34.a3 f6 35.b4+ axb4+
36.axb4+ Kd6 37.Kd3 Kc6 38.Kd4 Kb6 39.b5 Ka5 40.Kc5 e5 41.fxe5 fxe5 42.Kd5 Kb4
43.b6 e4 44.Kxe4 Kxc4 45.Kf5 Kc5 46.Kg5 Kxb6 47.Kxh5 Ka5 48.Kxg4 b5  1/2-1/2